| 000 | 00794cab a2200253 4500 | ||
|---|---|---|---|
| 001 | WB3114-05 | ||
| 008 | 090401t1995 xxu||||| |||| 00| 0 eng d | ||
| 035 | _a(Sirsi) u46059 | ||
| 041 | _aeng | ||
| 245 | _aPFI health schemes | ||
| 260 | _c1995 | ||
| 350 | _a0 | ||
| 490 |
_aNew Builder _v(252) 31 March 1995, 1(1) |
||
| 520 | _aContractors claim that many projects offered by NHS trusts under the Private Finance Initiative have no real prospect of going ahead and instead are being used as feasibility studies. | ||
| 650 | _aCAPITAL PROJECTS | ||
| 650 | _aFEASIBILITY STUDIES | ||
| 650 | _aNHS TRUSTS | ||
| 650 | _aPFI | ||
| 650 | _aPRIVATE FINANCE INITIATIVE | ||
| 650 | _aPUBLIC MONEY | ||
| 690 | _aBUILDING AND CONSTRUCTION-PROJECTS | ||
| 942 | _n0 | ||
| 948 | _c04/03/1997 | ||
| 999 |
_c29141 _d29141 |
||